| 000 | 00792cam a22002412 4500 | ||
|---|---|---|---|
| 001 | 0000019755 | ||
| 005 | 20151217145920.0 | ||
| 008 | 110204s xx 000 0 eng d | ||
| 020 | _a0195727231 : | ||
| 040 |
_aKABU _cKABU |
||
| 100 | 1 |
_aKabeberi, Janet. _@0000179700 |
|
| 245 | 1 | 4 |
_aThe Child custody, care and maintenance / _cJanet Kababeri. |
| 250 | _a1st ed. | ||
| 260 |
_aNairobi : _bO. U. P., _c1990. |
||
| 300 | _aix, 61 p. | ||
| 650 | 0 |
_aParent and child (law) _zKenya. _@0000179701 |
|
| 650 | 0 |
_aChildren's rights _zKenya. _@0000179702 |
|
| 650 | 0 |
_aAdoptation _xLaw and legislation _zKenya. _@0000179703 |
|
| 852 | 1 | _9p350 KES | |
| 852 | 1 | _9p350 KES | |
| 908 | _a110204 | ||
| 950 | _@1 | ||
| 999 |
_c4014 _d4014 |
||